000 01154nam a2200229 i 4500
001 182561
003 ES-MaACL
005 20250716052854.0
008 130926s1865 sp a | |||||||| | spa d
080 _a94(460.12)
100 0 _aEscalera, Evaristo.
_947479
245 1 0 _aCrónica del Principado de Asturias /
_cescrita por Evaristo Escalera.
260 _aMadrid :
_bRonchi, Vitturi, Grilo,
_c1865.
300 _a192 p., [7] h. de làm., [1] h. de mapas :
_bil. ;
_c32 cm.
490 1 _aCrónica general de España, o sea historia ilustrada y descriptiva de sus provincias, sus poblaciones más importantes de la península y de ultramar / dirigida por Cayetano Rosell
651 4 _aAsturias (Comunidad Autónoma)-
_xDescripción.
_97830
651 4 _aAsturias (Comunidad Autónoma)-
_xHistoria.
_9153455
700 1 _aRosell, Cayetano,
_d1817-1883
_999681
830 0 _aCrónica general de España, o sea Historia ilustrada y descriptiva de sus provincias, sus poblaciones más importantes de la península y posesiones de Ultramar
_9224862
852 _aES-MaACL
_jC-1574(6)
_z.- Encuadernado con otras obras
999 _c182561
_d182561